Giáo trình hàn TIG
Nội dung sách trình bày những kiến thức kỹ năng liên quan đến hàn TIG và các chương trình hàn TIG.
Сохранить в:
| Формат: | |
|---|---|
| Язык: | Undetermined |
| Опубликовано: |
Hà Nội
Xây dựng
2010
|
| Предметы: | |
| Метки: |
Добавить метку
Нет меток, Требуется 1-ая метка записи!
|
| Thư viện lưu trữ: | Trung tâm Học liệu Trường Đại học Cần Thơ |
|---|
| LEADER | 00607nam a2200181Ia 4500 | ||
|---|---|---|---|
| 001 | CTU_227367 | ||
| 008 | 210402s9999 xx 000 0 und d | ||
| 020 | |c 28000 | ||
| 082 | |a 671.52 | ||
| 082 | |b Gi108 | ||
| 245 | 0 | |a Giáo trình hàn TIG | |
| 260 | |a Hà Nội | ||
| 260 | |b Xây dựng | ||
| 260 | |c 2010 | ||
| 520 | |a Nội dung sách trình bày những kiến thức kỹ năng liên quan đến hàn TIG và các chương trình hàn TIG. | ||
| 650 | |a Welding,Kỹ thuật hàn | ||
| 910 | |a Tuyến | ||
| 980 | |a Trung tâm Học liệu Trường Đại học Cần Thơ | ||